000 nam a22 7a 4500
999 _c7682
_d7682
008 170928b xxu||||| |||| 00| 0 eng d
100 _94171
_aJauhar,S.P.
245 _aChemistry-XII
260 _aNew delhi
_bModern
_c2009